000 00299nam a22001097a 4500
008 160507b xxu||||| |||| 00| 0 eng d
020 _a0812106261
041 _aeng
080 _a615
245 _aPharmacology for the dental hygienist for students and practitioners:
_cFred F. Cowan;
942 _2udc
_cBK
999 _c1913
_d1913